CS;GO Major Winners - Statistics

General Stats
  • This quiz has been taken 276 times
    241 since last reset
  • The average score is 71 of 90
Answer Stats
Hint Answer % Correct
Player #1 device
94%
Player #1 device
94%
Player #1 device
94%
Player #1 device
94%
StarLadder Berlin Major 2019 Astralis
92%
IEM Katowice Major 2019 Astralis
92%
FACEIT Major: London 2018 Astralis
92%
ELEAGUE Major: Atlanta 2017 Astralis
92%
Player #4 Magisk
92%
Player #4 Magisk
92%
Player #4 Magisk
92%
Player #5 Xyp9x
91%
Player #5 Xyp9x
91%
Player #5 Xyp9x
91%
Player #5 Xyp9x
91%
Player #3 gla1ve
90%
Player #3 gla1ve
90%
Player #3 gla1ve
90%
Player #3 gla1ve
90%
Player #2 dupreeh
89%
Player #2 dupreeh
89%
Player #2 dupreeh
89%
Player #2 dupreeh
89%
ESL One: Cologne 2015 Fnatic
89%
ESL One: Katowice 2015 Fnatic
89%
DreamHack Winter 2013 Fnatic
89%
ESL One: Cologne 2014 Ninjas in Pyjamas
88%
ESL One: Cologne 2016 SK Gaming
88%
Player #1 coldzera
87%
Player #1 coldzera
87%
Player #2 Fallen
87%
Player #2 Fallen
87%
Player #4 GeT_RiGhT
87%
Player #2 JW
87%
Player #2 JW
87%
Player #3 JW
87%
Player #3 pashaBiceps
87%
ELEAGUE Major: Boston 2018 Cloud9
85%
Player #3 kennyS
85%
Player #4 olofmeister
85%
Player #4 olofmeister
85%
Player #4 Stewie2K
85%
ESL Major Series One: Katowice 2014 Virtus.pro
85%
Player #1 flusha
84%
Player #1 flusha
84%
Player #2 flusha
84%
Player #2 f0rest
83%
Player #4 Snax
83%
PGL Major: Kraków 2017 Gambit Esports
82%
Player #5 TaZ
82%
Player #3 fer
80%
Player #3 fer
80%
Player #2 NEO
80%
Player #5 TACO
80%
Player #5 TACO
80%
Player #2 Dosia
78%
MLG Major Championship: Columbus 2016 Luminosity Gaming
78%
Player #5 tarik
78%
DreamHack Open Cluj-Napoca 2015 Team EnVyUs
78%
Player #3 HObbit
76%
Player #3 KRIMZ
76%
Player #3 KRIMZ
76%
Player #3 Skadoodle
76%
Player #4 fnx
73%
Player #4 fnx
73%
Player #4 Kjaerbye
73%
Player #1 byali
72%
Player #1 apEX
71%
Player #1 autimatic
71%
Player #3 friberg
70%
Player #1 AdreN
69%
Player #4 shox
69%
DreamHack Winter 2014 Team LDLC.com
69%
Player #5 Zeus
68%
Player #2 Happy
67%
Player #1 Happy
67%
Player #5 NBK-
66%
Player #3 NBK-
66%
Player #5 pronax
65%
Player #5 pronax
65%
Player #4 pronax
65%
Player #2 RUSH
65%
Player #4 mou
64%
Player #5 Xizt
61%
Player #1 Fifflaren
51%
Player #1 Devilwalk
50%
Player #4 kioShiMa
50%
Player #2 kioShiMa
50%
Player #5 SmithZz
45%
Player #5 schneider
31%
No matching quizzes found
Score Distribution
Percent of People with Each Score
Percentile by Number Answered
Your Score History
You have not taken this quiz since the last reset